MANAGERIAL ECONOMICS (Record no. 25455)
[ view plain ]
| 000 -LEADER | |
|---|---|
| fixed length control field | 00380nam a2200145Ia 4500 |
| 008 - FIXED-LENGTH DATA ELEMENTS--GENERAL INFORMATION | |
| fixed length control field | 240624s9999 xx 000 0 und d |
| 041 ## - LANGUAGE CODE | |
| Language code of text/sound track or separate title | eng |
| 082 ## - DEWEY DECIMAL CLASSIFICATION NUMBER | |
| Classification number | 338.5024658 THO |
| 100 ## - MAIN ENTRY--PERSONAL NAME | |
| Personal name | THOMAS CHRISTOPHER R |
| 245 ## - TITLE STATEMENT | |
| Title | MANAGERIAL ECONOMICS |
| 250 ## - EDITION STATEMENT | |
| Edition statement | (9th ed.) |
| 260 ## - PUBLICATION, DISTRIBUTION, ETC. | |
| Date of publication, distribution, etc. | 2011 |
| Place of publication, distribution, etc. | New Delhi |
| Name of publisher, distributor, etc. | McGraw-Hill Companies |
| 300 ## - PHYSICAL DESCRIPTION | |
| Extent | xxiii,764 : p. : cm. ; 24 |
| 365 ## - TRADE PRICE | |
| Currency code | RS |
| Price amount | 33 |
| Withdrawn status | Lost status | Damaged status | Not for loan | Home library | Current library | Shelving location | Date acquired | Source of acquisition | Cost, normal purchase price | Full call number | Barcode | Date last seen | Copy number | Price effective from | Koha item type |
|---|---|---|---|---|---|---|---|---|---|---|---|---|---|---|---|
| Store Books | IMTN | IMTN | Rack 10-B | 11/19/2015 | VBC | 699.00 | 338.5024658 THO | 25455 | 06/24/2024 | 1 | 06/24/2024 | Books |